00563nam a2200205 a 4500001001300000003000900013005001700022008004100039020002300080082001500103100002000118245007700138260003300215300000900248500003500257505001000292650001300302650002200315700002000337nice12345678IN_TiNIC20260116013214.0050524s1996 newa grp 000 0 eng  a1570759 c94000a266.2bWAL aWalls, Andrew F aMissionary Movement in Christian Historyb Studies in the Transmission O aNew YorkbOrbis Books c1996 a266p aincludes index and biblioraphy2 aIndex aMissions aEvangelistic Work1 aWalls, Andrew F